Persian fire the first world empire and the battle for the West (Record no. 567061)

MARC details
000 -LEADER
fixed length control field 00953nam a2200193Ia 4500
008 - FIXED-LENGTH DATA ELEMENTS--GENERAL INFORMATION
fixed length control field 241212s9999 xx 000 0 und d
020 ## - INTERNATIONAL STANDARD BOOK NUMBER
ISBN 9780349117171
Paper back/Hardbound pbk
041 ## - LANGUAGE CODE
Language code of text/sound track or separate title eng
082 ## - DEWEY DECIMAL CLASSIFICATION NUMBER
Classification number 935
Item number HOL
100 ## - MAIN ENTRY--AUTHOR NAME
Personal name Holland, Tom
245 #0 - TITLE STATEMENT
Title Persian fire the first world empire and the battle for the West
Statement of responsibility, etc Tom Holland
260 ## - PUBLICATION, DISTRIBUTION, ETC. (IMPRINT)
Name of publisher Hachette
Year of publication 2005
Place of publication London
300 ## - PHYSICAL DESCRIPTION
Number of Pages XXV, 418 p.
Other physical details col.ill.
Dimensions 22 cm.
504 ## - BIBLIOGRAPHY, ETC. NOTE
Bibliography, etc Includes bibliographies and index
520 ## - SUMMARY, ETC.
Summary, etc In the fifth century BC, a global superpower was determined to bring truth and order to what it regarded as two terrorist states. The superpower was Persia, incomparably rich in ambition, gold and men. The terrorist states were Athens and Sparta, eccentric cities in a poor and mountainous backwater: Greece. The story of how their citizens took on the most powerful man on the planet is as heart-stopping as any episode in history.
650 ## - SUBJECT ADDED ENTRY--TOPICAL TERM
Topical Term History
942 ## - ADDED ENTRY ELEMENTS (KOHA)
Koha item type English Books
Holdings
Withdrawn status Lost status Damaged status Not for loan Home library Current library Shelving location Date acquired Cost, normal purchase price Full call number Accession Number Price effective from Koha item type
        Anna Centenary Library Anna Centenary Library 7TH FLOOR, B WING 24.09.2024 899.00 935 HOL 698319 12.12.2024 English Books
        Anna Centenary Library Anna Centenary Library 7TH FLOOR, B WING 24.09.2024 899.00 935 HOL 698320 12.12.2024 English Books

Find us on the map